000 01466pam a2200385 a 4500
001 3384005
003 OSt
005 20240627100950.0
008 880915s1989 enka b 001 0 eng
010 _a 88030006
020 _a0521361834
020 _a0521369746 (pbk.)
040 _aDLC
_cDLC
_dDLC
041 1 _aengfre
082 0 0 _a320 THE 1989
100 1 _aMontesquieu, Charles de Secondat,
_cbaron de,
_d1689-1755.
_918155
240 1 0 _aDe l'esprit des lois.
_lEnglish
245 1 4 _aThe spirit of the laws /
_cMontesquieu ; translated and edited by Anne M. Cohler, Basia Carolyn Miller, Harold Samuel Stone.
260 _aCambridge ;
_aNew York :
_bCambridge University Press,
_c1989.
300 _axlvii, 757 p. :
_bill. ;
_c22 cm.
440 0 _aCambridge texts in the history of political thought
_918156
500 _aTranslation of: De l'esprit des lois.
504 _aBibliography: p. 723-733.
650 0 _aPolitical science.
_96756
650 0 _aState, The.
_918157
650 0 _aLaw
_xPhilosophy.
_918158
650 0 _aJurisprudence.
_918159
700 1 _aCohler, Anne M.
_918160
700 1 _aMiller, Basia Carolyn.
_918161
700 1 _aStone, Harold Samuel,
_d1949-
_918162
856 4 2 _3Publisher description
_uhttp://www.loc.gov/catdir/description/cam023/88030006.html
856 4 1 _3Table of contents
_uhttp://www.loc.gov/catdir/toc/cam022/88030006.html
906 _a7
_bcbc
_corignew
_d1
_eocip
_f19
_gy-gencatlg
942 _2ddc
_cO_SHELF
999 _c8967
_d8967